Artists Who Collabed With Eminem - Sudden Death - Statistics

General Stats
  • This quiz has been taken 49 times
  • The average score is 6 of 34
Answers on the Grid
Answers color-coded by a green-red scale on the quiz's grid according to % correct below.
2 Chainz
21 Savage
2Pac
50 Cent
6ix9ine
A Boogie Wit Da Hoodie
A$AP Rocky
Akon
B.o.B
BabyTron
Bad Bunny
Bbno$
Benzino
Big Pun
Big Sean
Blueface
Busta Rhymes
Cardi B
Chance, the Rapper
City Girls
Coi Leray
Coolio
Cordae
D12
DaBaby
Denzel Curry
DJ Khaled
Doja Cat
Don Toliver
Dr. Dre
Drake
Eazy-E
Fat Joe
Fetty Wap
Flo Rida
Future
Gucci Mane
Gunna
Ice Cube
Ice-T
Ja Rule
Jack Harlow
JAY-Z
JID
Joyner Lucas
Juice WRLD
Kanye West
Kendrick Lamar
Kid Cudi
King Von
Kodak Black
Lil Baby
Lil Jon
Lil Kim
Lil Loaded
Lil Mabu
Lil Nas X
Lil Peep
Lil Pump
Lil Tecca
Lil Tjay
Lil Uzi Vert
Lil Wayne
Lil Yachty
LL Cool J
Logic
Mac Miller
Macklemore
MC Lyte
Megan thee Stallion
mgk
Migos
Nas
Nicki Minaj
NLE Choppa
NWA
P. Diddy
Pharrell William
Playboi Carti
Polo G
Pop Smoke
Post Malone
Rae Sremmurd
Rakim
Royce da 5'9"
Snoop Dogg
T.I.
The Notorious B.I.G.
Travis Scott
Ty Dolla $ign
Tyler, the Creator
UGK
Vanilla Ice
Wiz Khalifa
Wu-Tang Clan
Yelawolf
YNW Melly
Young MA
Young Thug
Youngboy Never Broke Again
 
Answer Stats
Answer % Correct
50 Cent
88%
Akon
41%
2Pac
31%
D12
31%
Dr. Dre
28%
2 Chainz
25%
B.o.B
25%
Big Sean
22%
Busta Rhymes
22%
Drake
19%
JAY-Z
19%
Juice WRLD
19%
Snoop Dogg
19%
Joyner Lucas
16%
Kanye West
16%
Kendrick Lamar
16%
Lil Wayne
16%
LL Cool J
13%
BabyTron
9%
Cordae
9%
JID
9%
Kid Cudi
6%
Logic
6%
Nicki Minaj
6%
P. Diddy
6%
Royce da 5'9"
6%
The Notorious B.I.G.
6%
Yelawolf
6%
Don Toliver
3%
Fat Joe
3%
Jack Harlow
3%
Lil Jon
3%
T.I.
3%
Young MA
0%
No matching quizzes found
Score Distribution
Percent of People with Each Score
Percentile by Number Answered
Your Score History
You have not taken this quiz